000 00620nam a2200205 a 4500
001 001061557
003 AM-YeHGA
005 20250617151123.0
008 150225s1975 ||| r 000 0 rus d
040 _aAM-YeHGA
041 1 _arus
_hrom
100 1 _aШиперко, Ал.
245 1 0 _aБлинчики /
_cАл. Шиперко; Пер. Т. Бериндей.
260 _aБухарест :
_bБ. и.,
_c1975.
300 _a46 с.
440 0 _aБ-ка "Румыния"
_v10
653 0 _aРумынская литература
700 1 _aБериндей, Татьяна
_eпер.
_4trl
090 _c346921
999 _c345123
_d345123